[Event "Maringa op 4th"]
[Site "Maringa"]
[Date "2014.08.23"]
[Round "7"]
[White "Delgado Ramirez, Neuris"]
[Black "Perdomo, Leandro Daniel"]
[Result "1-0"]
[WhiteElo "2600"]
[BlackElo "2410"]
[PlyCount "71"]
[EventDate "2014.08.20"]
[EventType "swiss"]
[EventRounds "9"]
[EventCountry "BRA"]
[SourceTitle "EXT 2015"]
[Source "ChessBase"]
[SourceDate "2014.11.20"]
[SourceVersion "1"]
[SourceVersionDate "2014.11.20"]
[SourceQuality "1"]

1. e4 e5 2. Nf3 Nc6 3. Bb5 a6 4. Ba4 Nf6 5. d3 b5 6. Bb3 Be7 7. Nc3 d6 8. a3
Bg4 9. Be3 Nd4 10. Bxd4 exd4 11. Nd5 c6 12. Nxe7 Qxe7 13. h3 Bxf3 14. Qxf3 O-O
15. O-O Nd7 16. Ba2 Nc5 17. c3 Qe5 18. Rac1 Rac8 19. Qe2 Na4 20. Qc2 dxc3 21.
bxc3 d5 22. c4 d4 23. f4 Qe7 24. cxb5 axb5 25. Bb3 Nc3 26. a4 bxa4 27. Bxa4 Qb4
28. Bb3 Ra8 29. Bc4 Rfb8 30. Qf2 Qe7 31. e5 c5 32. Rce1 Re8 33. f5 Qg5 34. h4
Qh5 35. f6 Rxe5 36. Qg3 1-0

[Event "Maringa op 4th"]
[Site "Maringa"]
[Date "2014.08.23"]
[Round "8"]
[White "Borges, Victor Hugo Moreira"]
[Black "Delgado Ramirez, Neuris"]
[Result "0-1"]
[WhiteElo "2105"]
[BlackElo "2600"]
[PlyCount "85"]
[EventDate "2014.08.20"]
[EventType "swiss"]
[EventRounds "9"]
[EventCountry "BRA"]
[SourceTitle "EXT 2015"]
[Source "ChessBase"]
[SourceDate "2014.11.20"]
[SourceVersion "1"]
[SourceVersionDate "2014.11.20"]
[SourceQuality "1"]

1. e4 c5 2. Nf3 d6 3. d4 cxd4 4. Nxd4 Nf6 5. Nc3 Nc6 6. Bc4 e6 7. Be3 Bd7 8.
Bb3 a6 9. Qe2 b5 10. O-O-O Na5 11. Bg5 Be7 12. f4 b4 13. Na4 Qc7 14. Kb1 Nxb3
15. axb3 O-O 16. g4 Bb5 17. Qg2 Qb7 18. Rhe1 Rab8 19. f5 e5 20. Bxf6 Bxf6 21.
g5 Be7 22. Nf3 f6 23. h4 Qc7 24. Nd2 Qc6 25. Nf1 fxg5 26. hxg5 Rxf5 27. g6 h6
28. Ne3 Rg5 29. Qh3 Rxg6 30. Nf5 Bf8 31. Rg1 Qe8 32. Qh2 Kh7 33. Qf2 Rxg1 34.
Rxg1 Qf7 35. Qd2 Bc6 36. Qd3 Qe6 37. Ka1 Rb7 38. Rg4 Rf7 39. Qxa6 Bxe4 40. Rxe4
Qxf5 41. Qc6 Qf3 42. Qe8 Qh1+ 43. Ka2 0-1

[Event "Maringa op 4th"]
[Site "Maringa"]
[Date "2014.08.24"]
[Round "9"]
[White "Delgado Ramirez, Neuris"]
[Black "Matsuura, Everaldo"]
[Result "1/2-1/2"]
[WhiteElo "2600"]
[BlackElo "2470"]
[PlyCount "21"]
[EventDate "2014.08.20"]
[EventType "swiss"]
[EventRounds "9"]
[EventCountry "BRA"]
[SourceTitle "EXT 2015"]
[Source "ChessBase"]
[SourceDate "2014.11.20"]
[SourceVersion "1"]
[SourceVersionDate "2014.11.20"]
[SourceQuality "1"]

1. e4 e5 2. Nf3 Nc6 3. Bb5 a6 4. Ba4 Nf6 5. Bxc6 dxc6 6. d3 Bd6 7. Nbd2 O-O 8.
Nc4 Re8 9. O-O b5 10. Nxd6 cxd6 11. Re1 1/2-1/2

[Event "Rio de Janeiro Cunha Memorial"]
[Site "Rio de Janeiro"]
[Date "2014.09.08"]
[Round "1"]
[White "Delgado Ramirez, Neuris"]
[Black "Limp, Eduardo Thelio"]
[Result "1/2-1/2"]
[WhiteElo "2603"]
[BlackElo "2369"]
[PlyCount "99"]
[EventDate "2014.09.08"]
[EventType "tourn"]
[EventRounds "9"]
[EventCountry "BRA"]
[EventCategory "4"]
[SourceTitle "EXT 2015"]
[Source "ChessBase"]
[SourceDate "2014.11.20"]
[SourceVersion "1"]
[SourceVersionDate "2014.11.20"]
[SourceQuality "1"]

1. e4 c5 2. Nf3 e6 3. Nc3 a6 4. d4 cxd4 5. Nxd4 Qc7 6. Qf3 Nc6 7. Nxc6 bxc6 8.
Qg3 Qxg3 9. hxg3 Bb4 10. Bd2 d5 11. a3 Ba5 12. Na4 Bxd2+ 13. Kxd2 Nf6 14. exd5
cxd5 15. Nb6 Rb8 16. Nxc8 Ne4+ 17. Ke3 Rxc8 18. Bxa6 Rxc2 19. Rhc1 Rxc1 20.
Rxc1 Kd7 21. Bb5+ Kd6 22. Rc6+ Ke5 23. Bd3 d4+ 24. Ke2 Rb8 25. b4 Nc3+ 26. Ke1
Ra8 27. Ba6 Kd5 28. Bb7 Ra7 29. Rxc3+ Rxb7 30. Rc5+ Kd6 31. Ra5 Rc7 32. Kd2 e5
33. b5 Rc3 34. Ra6+ Kd5 35. Ra7 Rb3 36. a4 Rb2+ 37. Kc1 Rb4 38. g4 e4 39. Rxf7
Rxa4 40. b6 Rb4 41. b7 Kc6 42. Re7 Rxb7 43. Rxe4 Kd5 44. Re8 Kc4 45. Kc2 d3+
46. Kc1 Ra7 47. Rc8+ Kd4 48. Rd8+ Ke4 49. Re8+ Kd4 50. Rd8+ 1/2-1/2

[Event "Rio de Janeiro Cunha Memorial"]
[Site "Rio de Janeiro"]
[Date "2014.09.08"]
[Round "2"]
[White "Rangel, Daniel"]
[Black "Delgado Ramirez, Neuris"]
[Result "0-1"]
[WhiteElo "2316"]
[BlackElo "2603"]
[PlyCount "94"]
[EventDate "2014.09.08"]
[EventType "tourn"]
[EventRounds "9"]
[EventCountry "BRA"]
[EventCategory "4"]
[SourceTitle "EXT 2015"]
[Source "ChessBase"]
[SourceDate "2014.11.20"]
[SourceVersion "1"]
[SourceVersionDate "2014.11.20"]
[SourceQuality "1"]

1. e4 c5 2. Nf3 d6 3. d4 cxd4 4. Nxd4 Nf6 5. Nc3 a6 6. h3 e5 7. Nde2 h5 8. Bg5
Be6 9. f4 Nbd7 10. f5 Bc4 11. Ng3 Rc8 12. Qf3 Be7 13. O-O-O Qc7 14. Bxf6 Nxf6
15. Bxc4 Qxc4 16. Qd3 b5 17. Rhe1 b4 18. Qxc4 Rxc4 19. Nd5 Nxd5 20. Rxd5 Bh4
21. Rd3 Rd4 22. Red1 Kd7 23. Ne2 Rxe4 24. Rxd6+ Kc7 25. Rd7+ Kc8 26. Ra7 Bg5+
27. Kb1 Rd8 28. Ra8+ Kc7 29. Raxd8 Bxd8 30. Ng3 Rh4 31. Re1 Kc6 32. Rxe5 Rf4
33. Re4 Rxe4 34. Nxe4 Kd5 35. Ng3 h4 36. Nh5 Ke4 37. Nxg7 Kf4 38. Nh5+ Kxf5 39.
g4+ Kg5 40. Ng7 Kf4 41. Nf5 Kf3 42. Nd6 Kg3 43. Nxf7 Kxh3 44. Nxd8 Kg3 45. Ne6
h3 46. Ng5 h2 47. Ne4+ Kg2 0-1

[Event "Rio de Janeiro Cunha Memorial"]
[Site "Rio de Janeiro"]
[Date "2014.09.09"]
[Round "3"]
[White "Delgado Ramirez, Neuris"]
[Black "Rego, Vinicius Vilela"]
[Result "1-0"]
[WhiteElo "2603"]
[BlackElo "2275"]
[PlyCount "61"]
[EventDate "2014.09.08"]
[EventType "tourn"]
[EventRounds "9"]
[EventCountry "BRA"]
[EventCategory "4"]
[SourceTitle "EXT 2015"]
[Source "ChessBase"]
[SourceDate "2014.11.20"]
[SourceVersion "1"]
[SourceVersionDate "2014.11.20"]
[SourceQuality "1"]

1. e4 c5 2. Nf3 d6 3. Bb5+ Bd7 4. Bxd7+ Qxd7 5. O-O Nc6 6. Qe2 Nf6 7. Rd1 e6 8.
d4 cxd4 9. Nxd4 Be7 10. c4 Nxd4 11. Rxd4 Qc6 12. Nc3 O-O 13. b3 Rfd8 14. Bb2
Rd7 15. Rad1 a6 16. a4 Rad8 17. R4d3 Bf8 18. Rf3 Ne8 19. Rh3 Nf6 20. Nd5 Ne8
21. Nc3 g6 22. Rhd3 Bg7 23. h3 Nc7 24. R3d2 Qb6 25. Ba1 Qxb3 26. e5 Bxe5 27.
Ne4 Bg7 28. Bxg7 Kxg7 29. Nc5 dxc5 30. Rxd7 Rxd7 31. Rxd7 1-0

[Event "Rio de Janeiro Cunha Memorial"]
[Site "Rio de Janeiro"]
[Date "2014.09.09"]
[Round "4"]
[White "Crosa Coll, Martin"]
[Black "Delgado Ramirez, Neuris"]
[Result "0-1"]
[WhiteElo "2321"]
[BlackElo "2603"]
[PlyCount "50"]
[EventDate "2014.09.08"]
[EventType "tourn"]
[EventRounds "9"]
[EventCountry "BRA"]
[EventCategory "4"]
[SourceTitle "EXT 2015"]
[Source "ChessBase"]
[SourceDate "2014.11.20"]
[SourceVersion "1"]
[SourceVersionDate "2014.11.20"]
[SourceQuality "1"]

1. g3 Nf6 2. Bg2 d5 3. Nf3 c6 4. b3 Bg4 5. Bb2 Nbd7 6. O-O Bxf3 7. Bxf3 e5 8.
Bg2 h5 9. c4 dxc4 10. bxc4 h4 11. Qc2 hxg3 12. hxg3 Ng4 13. e3 Qg5 14. Nc3 Rh1+
15. Bxh1 Qh5 16. Kg2 O-O-O 17. Rg1 Qh2+ 18. Kf3 Qxf2+ 19. Kxg4 Nf6+ 20. Kg5 Qh2
21. Qf5+ Rd7 22. Qxf6 gxf6+ 23. Kg4 f5+ 24. Kxf5 Qh5+ 25. Ke4 Qg4+ 0-1

[Event "Rio de Janeiro Cunha Memorial"]
[Site "Rio de Janeiro"]
[Date "2014.09.10"]
[Round "5"]
[White "Delgado Ramirez, Neuris"]
[Black "Guimaraes, Wagner Peixoto"]
[Result "1-0"]
[WhiteElo "2603"]
[BlackElo "2242"]
[PlyCount "95"]
[EventDate "2014.09.08"]
[EventType "tourn"]
[EventRounds "9"]
[EventCountry "BRA"]
[EventCategory "4"]
[SourceTitle "EXT 2015"]
[Source "ChessBase"]
[SourceDate "2014.11.20"]
[SourceVersion "1"]
[SourceVersionDate "2014.11.20"]
[SourceQuality "1"]

1. e4 e5 2. Nf3 Nc6 3. Bb5 Nf6 4. Bxc6 dxc6 5. d3 Bd6 6. Nc3 Bg4 7. h3 Bh5 8.
g4 Bg6 9. Bg5 h5 10. Nh4 hxg4 11. hxg4 Qd7 12. Bxf6 gxf6 13. Qf3 Qe6 14. O-O-O
O-O-O 15. Nf5 Bb4 16. Ng7 Qe7 17. Ne2 Rhg8 18. Nh5 Qe6 19. Kb1 Be7 20. Neg3 Kb8
21. Nf5 Bxf5 22. exf5 Qd5 23. Qe2 Qb5 24. Ng3 Ba3 25. c4 Qb6 26. Ne4 Be7 27.
Rh7 Rdf8 28. f3 Rh8 29. Rdh1 Rxh7 30. Rxh7 Qg1+ 31. Kc2 a5 32. Qf2 Qa1 33. a3
Rd8 34. c5 Rd7 35. Qg2 a4 36. Rh8+ Ka7 37. Qd2 b6 38. Qb4 Kb7 39. Qxa4 Bd8 40.
cxb6 cxb6 41. Qb3 Qg1 42. Rh7 Qg2+ 43. Kb1 Rd5 44. Rxf7+ Bc7 45. Rxf6 Qxf3 46.
Ka2 Qxg4 47. Qc4 Qg8 48. Rxc6 1-0

[Event "Rio de Janeiro Cunha Memorial"]
[Site "Rio de Janeiro"]
[Date "2014.09.10"]
[Round "6"]
[White "Mela, Benjamin"]
[Black "Delgado Ramirez, Neuris"]
[Result "0-1"]
[WhiteElo "2339"]
[BlackElo "2603"]
[PlyCount "66"]
[EventDate "2014.09.08"]
[EventType "tourn"]
[EventRounds "9"]
[EventCountry "BRA"]
[EventCategory "4"]
[SourceTitle "EXT 2015"]
[Source "ChessBase"]
[SourceDate "2014.11.20"]
[SourceVersion "1"]
[SourceVersionDate "2014.11.20"]
[SourceQuality "1"]

1. e4 c5 2. Nf3 d6 3. d4 cxd4 4. Nxd4 Nf6 5. Nc3 a6 6. f3 e5 7. Nb3 Be6 8. Be3
h5 9. Qd2 Nbd7 10. O-O-O b5 11. Nd5 Bxd5 12. exd5 Nb6 13. Bxb6 Qxb6 14. Qa5 Nd7
15. Kb1 Rc8 16. g3 g6 17. Bh3 f5 18. Qd2 Bh6 19. Qe2 Rc4 20. Rhe1 Nf6 21. Bf1
O-O 22. Qg2 a5 23. Na1 a4 24. Bxc4 bxc4 25. c3 a3 26. b4 cxb3 27. axb3 Rc8 28.
Qc2 e4 29. fxe4 Nxe4 30. Rxe4 fxe4 31. Qxe4 Kh7 32. Rf1 Bg7 33. c4 Rf8 0-1

[Event "Rio de Janeiro Cunha Memorial"]
[Site "Rio de Janeiro"]
[Date "2014.09.11"]
[Round "7"]
[White "Delgado Ramirez, Neuris"]
[Black "Rezende, Guilherme Vilela"]
[Result "1/2-1/2"]
[WhiteElo "2603"]
[BlackElo "2101"]
[PlyCount "102"]
[EventDate "2014.09.08"]
[EventType "tourn"]
[EventRounds "9"]
[EventCountry "BRA"]
[EventCategory "4"]
[SourceTitle "EXT 2015"]
[Source "ChessBase"]
[SourceDate "2014.11.20"]
[SourceVersion "1"]
[SourceVersionDate "2014.11.20"]
[SourceQuality "1"]

1. e4 c5 2. Nf3 d6 3. Bb5+ Nd7 4. O-O Ngf6 5. Re1 e6 6. c3 Be7 7. d4 cxd4 8.
cxd4 O-O 9. Nc3 a6 10. Bd3 e5 11. d5 Nc5 12. Bc2 a5 13. Be3 b6 14. h3 Bd7 15.
a3 Qc7 16. Rc1 Qb7 17. b4 axb4 18. axb4 Ne6 19. Rb1 Rfc8 20. Na4 Bd8 21. b5 Nc5
22. Nd2 Nxa4 23. Bxa4 Be8 24. Rb4 Nd7 25. Nc4 Bc7 26. Qb1 Nc5 27. Bd1 Ra7 28.
Bxc5 dxc5 29. Rb3 Rd8 30. Qb2 f6 31. Bg4 Bf7 32. Ra1 Rda8 33. Rba3 h5 34. Bd7
Rxa3 35. Rxa3 Rxa3 36. Qxa3 Bxd5 37. exd5 Qxd5 38. Qa2 Qd1+ 39. Kh2 Qxd7 40.
Nxb6+ Qf7 41. Nd5 Kh7 42. Qc2+ e4+ 43. Nxc7 Qxc7+ 44. g3 f5 45. Qd1 g6 46. Qd5
e3 47. Qe6 exf2 48. Kg2 Qxg3+ 49. Kxg3 f1=Q 50. Qe7+ Kh6 51. Qe3+ g5 1/2-1/2

[Event "Rio de Janeiro Cunha Memorial"]
[Site "Rio de Janeiro"]
[Date "2014.09.11"]
[Round "8"]
[White "Delgado Ramirez, Neuris"]
[Black "Cunha, Eduardo Arruda da G"]
[Result "1-0"]
[WhiteElo "2603"]
[BlackElo "2335"]
[PlyCount "73"]
[EventDate "2014.09.08"]
[EventType "tourn"]
[EventRounds "9"]
[EventCountry "BRA"]
[EventCategory "4"]
[SourceTitle "EXT 2015"]
[Source "ChessBase"]
[SourceDate "2014.11.20"]
[SourceVersion "1"]
[SourceVersionDate "2014.11.20"]
[SourceQuality "1"]

1. e4 c5 2. Nf3 d6 3. c3 Nc6 4. d4 cxd4 5. cxd4 Bg4 6. Nc3 Bxf3 7. gxf3 a6 8.
d5 Ne5 9. f4 Nd7 10. Be3 Rc8 11. Qb3 Qc7 12. Bh3 Ngf6 13. Rc1 Qb8 14. O-O g6
15. Na4 Bh6 16. Rxc8+ Qxc8 17. e5 b5 18. exf6 bxa4 19. Qxa4 exf6 20. Re1 Kd8
21. Bd2 Qb7 22. Ba5+ Kc8 23. Qc6+ Qxc6 24. dxc6 f5 25. cxd7+ Kxd7 26. Bf1 Ra8
27. Rc1 Ra7 28. Bg2 Ke8 29. Re1+ Kf8 30. Bb6 Re7 31. Rxe7 Kxe7 32. Bf1 Bxf4 33.
Bxa6 Be5 34. Bb7 Bxb2 35. a4 Bc3 36. a5 Bxa5 37. Bxa5 1-0

[Event "American Continental 10th"]
[Site "Praia da Pipa"]
[Date "2014.10.19"]
[Round "2"]
[White "Delgado Ramirez, Neuris"]
[Black "Cruz, William Ferreira Da"]
[Result "1-0"]
[WhiteElo "2607"]
[BlackElo "2217"]
[PlyCount "73"]
[EventDate "2014.10.18"]
[EventType "swiss"]
[EventRounds "11"]
[EventCountry "BRA"]
[SourceTitle "EXT 2015"]
[Source "ChessBase"]
[SourceDate "2014.11.20"]
[SourceVersion "1"]
[SourceVersionDate "2014.11.20"]
[SourceQuality "1"]

1. e4 e6 2. d4 d5 3. Nd2 Be7 4. Ngf3 Nf6 5. Bd3 c5 6. exd5 Qxd5 7. dxc5 Nbd7 8.
b4 a5 9. Bc4 Qh5 10. c3 Nd5 11. Qb3 Nxc3 12. bxa5 Nxc5 13. Qxc3 Bf6 14. Qb4
Bxa1 15. g4 Qd5 16. O-O Qd6 17. Ba3 Bf6 18. Qxc5 Qxc5 19. Bxc5 Be7 20. Bb6 h5
21. g5 h4 22. Ne4 Bd7 23. Ne5 Ba4 24. g6 f6 25. Nf7 Rh5 26. Bxe6 Bc6 27. Nc3
Bf3 28. Re1 Kf8 29. Re3 Bc6 30. Bg4 Rhxa5 31. Bxa5 Rxa5 32. Bf3 Bb4 33. Bxc6
bxc6 34. Ne4 Rxa2 35. Ned6 Ra8 36. Nf5 c5 37. Rh3 1-0

[Event "American Continental 10th"]
[Site "Praia da Pipa"]
[Date "2014.10.19"]
[Round "3"]
[White "Ruiz Castillo, Joshua Daniel"]
[Black "Delgado Ramirez, Neuris"]
[Result "0-1"]
[WhiteElo "2395"]
[BlackElo "2607"]
[PlyCount "92"]
[EventDate "2014.10.18"]
[EventType "swiss"]
[EventRounds "11"]
[EventCountry "BRA"]
[SourceTitle "EXT 2015"]
[Source "ChessBase"]
[SourceDate "2014.11.20"]
[SourceVersion "1"]
[SourceVersionDate "2014.11.20"]
[SourceQuality "1"]

1. e4 c5 2. Nf3 Nc6 3. d4 cxd4 4. Nxd4 g6 5. Nc3 Bg7 6. Be3 Nf6 7. Bc4 O-O 8.
Bb3 e6 9. O-O d5 10. exd5 exd5 11. h3 Be6 12. Qd2 Qd7 13. Rad1 Rfe8 14. Rfe1
Bxh3 15. gxh3 Qxh3 16. Nxc6 Qg4+ 17. Kh2 bxc6 18. Rg1 Qh5+ 19. Kg2 Ng4 20. Bf4
d4 21. Rh1 Qf5 22. Nb1 Re4 23. Bg3 Be5 24. Rh3 Bxg3 25. Rxg3 Rf4 26. Rf1 Ne3+
27. fxe3 Rxf1 28. e4 Qf6 29. e5 Qf5 30. Na3 Qxe5 31. Rxg6+ hxg6 32. Kxf1 Re8
33. Qf2 Re7 34. Bc4 Qe4 35. Qf6 Qe1+ 36. Kg2 Qd2+ 37. Qf2 Qg5+ 38. Qg3 Qh6 39.
Qf2 d3 40. cxd3 Qg5+ 41. Kh2 Kh8 42. Nb1 Re3 43. Nd2 Qh5+ 44. Kg1 Qg4+ 45. Kf1
Qd1+ 46. Kg2 Re2 0-1

[Event "American Continental 10th"]
[Site "Praia da Pipa"]
[Date "2014.10.20"]
[Round "4"]
[White "Delgado Ramirez, Neuris"]
[Black "Pichot, Alan"]
[Result "1/2-1/2"]
[WhiteElo "2607"]
[BlackElo "2452"]
[PlyCount "164"]
[EventDate "2014.10.18"]
[EventType "swiss"]
[EventRounds "11"]
[EventCountry "BRA"]
[SourceTitle "EXT 2015"]
[Source "ChessBase"]
[SourceDate "2014.11.20"]
[SourceVersion "1"]
[SourceVersionDate "2014.11.20"]
[SourceQuality "1"]

1. d4 Nf6 2. Bg5 c5 3. Bxf6 gxf6 4. d5 Qb6 5. Qc1 f5 6. e3 Bg7 7. Nc3 Na6 8.
Nge2 Nc7 9. g3 Nb5 10. Nxb5 Qxb5 11. c3 d6 12. Nf4 Qa4 13. Bd3 e5 14. b3 Qa5
15. Nh5 Rg8 16. Nxg7+ Rxg7 17. O-O Rg6 18. Qc2 Rf6 19. c4 Bd7 20. f4 e4 21. Qb2
Ke7 22. Be2 Rh8 23. a3 h5 24. h4 Rg8 25. Kf2 Rfg6 26. Rg1 Rh6 27. b4 Qc7 28.
Rab1 b6 29. Qc3 Rh7 30. Rb2 Rc8 31. Rgb1 Ra8 32. Kg2 Be8 33. a4 Bd7 34. a5 bxa5
35. bxa5 Bc8 36. Bd1 Ba6 37. Kh2 Rhh8 38. Ba4 Rab8 39. Bb5 Bxb5 40. cxb5 Rhg8
41. b6 axb6 42. Rxb6 Rxb6 43. Rxb6 Rb8 44. Qb2 Rxb6 45. axb6 Qb7 46. g4 fxg4
47. f5 c4 48. f6+ Kd7 49. Kg3 c3 50. Qxc3 Qxb6 51. Kf4 Qb5 52. Qd4 Qf1+ 53. Kg5
Qf3 54. Qa7+ Kc8 55. Qa8+ Kc7 56. Qc6+ Kb8 57. Qe8+ Ka7 58. Qxf7+ Kb6 59. Qe7
g3 60. Qxd6+ Kb5 61. Qc6+ Kb4 62. Qb6+ Kc4 63. Qa6+ Kc3 64. Qa3+ Kd2 65. Qb2+
Kxe3 66. Qc3+ Kf2 67. Qd2+ Kg1 68. d6 e3 69. Qd4 g2 70. d7 Kh1 71. d8=Q g1=Q+
72. Kh6 e2 73. Q8d5 Qgg4 74. Qxf3+ Qxf3 75. Qe5 Kg2 76. f7 Kf1 77. Qxh5 Qf6+
78. Qg6 Qh8+ 79. Qh7 Qf6+ 80. Qg6 Qh8+ 81. Qh7 Qf6+ 82. Qg6 Qh8+ 1/2-1/2

[Event "American Continental 10th"]
[Site "Praia da Pipa"]
[Date "2014.10.21"]
[Round "5"]
[White "Terry Lujan, Renato Alfredo"]
[Black "Delgado Ramirez, Neuris"]
[Result "0-1"]
[WhiteElo "2454"]
[BlackElo "2607"]
[PlyCount "76"]
[EventDate "2014.10.18"]
[EventType "swiss"]
[EventRounds "11"]
[EventCountry "BRA"]
[SourceTitle "EXT 2015"]
[Source "ChessBase"]
[SourceDate "2014.11.20"]
[SourceVersion "1"]
[SourceVersionDate "2014.11.20"]
[SourceQuality "1"]

1. d4 Nf6 2. Nf3 e6 3. c4 b6 4. g3 Bb7 5. Bg2 g6 6. O-O Bg7 7. Nc3 Ne4 8. Bd2
O-O 9. Rc1 d6 10. Nxe4 Bxe4 11. Bc3 c6 12. Qd2 a5 13. a4 d5 14. b3 Na6 15. Rfd1
Qd6 16. c5 bxc5 17. dxc5 Bxc3 18. Qxc3 Qc7 19. Ne5 Bxg2 20. Ng4 e5 21. Kxg2 f6
22. e4 Nb4 23. Rd2 Rae8 24. Qf3 Rd8 25. Rcd1 d4 26. h4 Kh8 27. Qe2 Qf7 28. Rb1
Qe7 29. Rc1 Rde8 30. Qc4 f5 31. exf5 gxf5 32. Nh2 Qg7 33. Re1 Nd5 34. Kh1 Nc3
35. Qd3 Rd8 36. Qf3 e4 37. Qh5 e3 38. Rc2 Ne4 0-1

[Event "American Continental 10th"]
[Site "Praia da Pipa"]
[Date "2014.10.22"]
[Round "6"]
[White "Delgado Ramirez, Neuris"]
[Black "Shabalov, Alexander"]
[Result "1/2-1/2"]
[WhiteElo "2607"]
[BlackElo "2499"]
[PlyCount "142"]
[EventDate "2014.10.18"]
[EventType "swiss"]
[EventRounds "11"]
[EventCountry "BRA"]
[SourceTitle "EXT 2015"]
[Source "ChessBase"]
[SourceDate "2014.11.20"]
[SourceVersion "1"]
[SourceVersionDate "2014.11.20"]
[SourceQuality "1"]

1. e4 c5 2. Nf3 d6 3. Bb5+ Nd7 4. O-O a6 5. Bd3 Ngf6 6. c3 b5 7. Bc2 Bb7 8. Re1
c4 9. b4 e5 10. a4 Be7 11. d3 cxd3 12. Qxd3 O-O 13. Bg5 h6 14. Bh4 Bc6 15. Nbd2
Qb6 16. a5 Qb7 17. Bb3 Rad8 18. Rab1 d5 19. exd5 Bxd5 20. Bxd5 Nxd5 21. Bxe7
Nxe7 22. c4 Nf6 23. Qc2 Nc6 24. Nxe5 Nxe5 25. Rxe5 bxc4 26. Nxc4 Rd4 27. Nb6
Rfd8 28. h3 Rd2 29. Qc5 Ne4 30. Qe7 Qxe7 31. Rxe7 f5 32. b5 Rxf2 33. Rd7 Rxd7
34. Nxd7 axb5 35. Ra1 Rd2 36. Nb6 f4 37. a6 f3 38. gxf3 Ng5 39. Ra3 Nxf3+ 40.
Rxf3 Ra2 41. Rb3 Rxa6 42. Rxb5 Ra1+ 43. Kg2 Ra2+ 44. Kg3 Ra3+ 45. Kg4 g5 46.
Nd5 Kf7 47. Rb6 h5+ 48. Kf5 Rf3+ 49. Ke5 Rxh3 50. Rb7+ Kg6 51. Ne7+ Kf7 52.
Nf5+ Ke8 53. Ke6 Kd8 54. Rd7+ Kc8 55. Nd6+ Kb8 56. Rb7+ Ka8 57. Rb5 Ka7 58.
Rxg5 Kb6 59. Kd7 Rc3 60. Rxh5 Rc1 61. Rb5+ Ka6 62. Rb2 Rc5 63. Ra2+ Kb6 64.
Rb2+ Ka6 65. Rb1 Rc2 66. Nb7 Rh2 67. Kc6 Rh6+ 68. Nd6 Ka5 69. Kc5 Rh5+ 70. Kc4
Rh4+ 71. Kc5 Rh5+ 1/2-1/2

[Event "American Continental 10th"]
[Site "Praia da Pipa"]
[Date "2014.10.22"]
[Round "7"]
[White "Mekhitarian, Krikor Sevag"]
[Black "Delgado Ramirez, Neuris"]
[Result "1/2-1/2"]
[WhiteElo "2558"]
[BlackElo "2607"]
[PlyCount "46"]
[EventDate "2014.10.18"]
[EventType "swiss"]
[EventRounds "11"]
[EventCountry "BRA"]
[SourceTitle "EXT 2015"]
[Source "ChessBase"]
[SourceDate "2014.11.20"]
[SourceVersion "1"]
[SourceVersionDate "2014.11.20"]
[SourceQuality "1"]

1. e4 c5 2. Nf3 d6 3. d4 cxd4 4. Nxd4 Nf6 5. Nc3 a6 6. Be3 h5 7. Be2 e6 8. O-O
Nbd7 9. f4 Qc7 10. Bf3 Be7 11. Qe2 g6 12. Nb3 e5 13. a4 exf4 14. Bxf4 Ne5 15.
Kh1 Be6 16. Nd5 Bxd5 17. exd5 Nfd7 18. Nd4 Bf6 19. c3 Bg7 20. Rae1 Qd8 21. Nc6
Qc7 22. Nd4 Qd8 23. Nc6 Qc7 1/2-1/2

[Event "American Continental 10th"]
[Site "Praia da Pipa"]
[Date "2014.10.23"]
[Round "8"]
[White "Delgado Ramirez, Neuris"]
[Black "Perez Ponsa, Federico"]
[Result "1/2-1/2"]
[WhiteElo "2607"]
[BlackElo "2536"]
[PlyCount "116"]
[EventDate "2014.10.18"]
[EventType "swiss"]
[EventRounds "11"]
[EventCountry "BRA"]
[SourceTitle "EXT 2015"]
[Source "ChessBase"]
[SourceDate "2014.11.20"]
[SourceVersion "1"]
[SourceVersionDate "2014.11.20"]
[SourceQuality "1"]

1. e4 c6 2. d4 d5 3. Nc3 dxe4 4. Nxe4 Bf5 5. Qf3 e6 6. c3 Nf6 7. Nxf6+ Qxf6 8.
Qg3 Qd8 9. Bf4 Nd7 10. Bc7 Qf6 11. Nf3 Rc8 12. Bf4 h6 13. Ne5 Nxe5 14. dxe5 Qg6
15. Be3 a6 16. O-O-O Be7 17. Qxg6 Bxg6 18. Bd3 Bxd3 19. Rxd3 Rd8 20. Rhd1 Rxd3
21. Rxd3 f6 22. c4 b5 23. Bf4 Rf8 24. exf6 Rxf6 25. Bg3 Rf5 26. b3 bxc4 27.
bxc4 Rc5 28. Rd4 Ra5 29. Kb1 Ra4 30. Re4 Kd7 31. Be5 Rb4+ 32. Kc2 Ra4 33. Kb3
Rb4+ 34. Kc3 Ra4 35. Re2 g5 36. Rd2+ Ke8 37. Rb2 Bc5 38. Kd3 Rb4 39. Rxb4 Bxb4
40. g4 Kf7 41. Kc2 Bc5 42. f3 Kg6 43. Kb3 h5 44. h3 hxg4 45. hxg4 Kf7 46. Bc7
Ke7 47. Ka4 Kd7 48. Be5 Kc8 49. Ka5 Kb7 50. Bf6 Be3 51. Kb4 Kc7 52. Be5+ Kb6
53. Kc3 Kc5 54. Kd3 Bc1 55. Bc7 Kb4 56. Bd6+ c5 57. Kc2 Be3 58. Kd3 Bc1 1/2-1/2

[Event "American Continental 10th"]
[Site "Praia da Pipa"]
[Date "2014.10.24"]
[Round "9"]
[White "Krysa, Leandro Sergio"]
[Black "Delgado Ramirez, Neuris"]
[Result "1/2-1/2"]
[WhiteElo "2446"]
[BlackElo "2607"]
[PlyCount "52"]
[EventDate "2014.10.18"]
[EventType "swiss"]
[EventRounds "11"]
[EventCountry "BRA"]
[SourceTitle "EXT 2015"]
[Source "ChessBase"]
[SourceDate "2014.11.20"]
[SourceVersion "1"]
[SourceVersionDate "2014.11.20"]
[SourceQuality "1"]

1. d4 Nf6 2. c4 e6 3. Nc3 Bb4 4. Qc2 d6 5. a3 Bxc3+ 6. Qxc3 O-O 7. g3 e5 8.
dxe5 dxe5 9. Bg2 Nc6 10. Nf3 Re8 11. Be3 Qe7 12. b4 a5 13. b5 Nb8 14. O-O Nbd7
15. h3 Nc5 16. Nd2 Nfd7 17. Rfd1 Ne6 18. Qc2 Rb8 19. Nb1 c5 20. bxc6 bxc6 21.
Nc3 c5 22. Nd5 Qd8 23. Rab1 Rxb1 24. Rxb1 Nd4 25. Bxd4 exd4 26. e4 dxe3 1/2-1/2

[Event "American Continental 10th"]
[Site "Praia da Pipa"]
[Date "2014.10.25"]
[Round "10"]
[White "Delgado Ramirez, Neuris"]
[Black "Barbosa, Evandro Amorim"]
[Result "1-0"]
[WhiteElo "2607"]
[BlackElo "2449"]
[PlyCount "77"]
[EventDate "2014.10.18"]
[EventType "swiss"]
[EventRounds "11"]
[EventCountry "BRA"]
[SourceTitle "EXT 2015"]
[Source "ChessBase"]
[SourceDate "2014.11.20"]
[SourceVersion "1"]
[SourceVersionDate "2014.11.20"]
[SourceQuality "1"]

1. e4 c5 2. Nf3 e6 3. d4 cxd4 4. Nxd4 Nc6 5. Nc3 Qc7 6. f4 Nxd4 7. Qxd4 b6 8.
Be2 Bb7 9. Be3 Nf6 10. a3 Bc5 11. Qd3 O-O 12. O-O-O Rac8 13. Bxc5 Qxc5 14. Bf3
d5 15. e5 Nd7 16. Rhe1 Rc7 17. Rd2 Rfc8 18. Kb1 Qa5 19. Qb5 Ba6 20. Qb4 Qc5 21.
Red1 Bc4 22. Qxc5 Nxc5 23. Re1 a5 24. Be2 Bxe2 25. Rexe2 Rc6 26. Nb5 Rb8 27.
Rd4 g6 28. b4 axb4 29. axb4 Na4 30. c4 dxc4 31. Ra2 Rc5 32. bxc5 bxc5 33. Rd8+
Rxd8 34. Rxa4 Rd1+ 35. Kc2 Rg1 36. g3 Rg2+ 37. Kd1 Rxh2 38. Nd6 Rg2 39. Ne4 1-0